| 000 | 00658nam a2200181Ia 4500 | ||
|---|---|---|---|
| 008 | 190422s9999 xx 000 0 und d | ||
| 100 | _aNalipay, Ma. Jenina N | ||
| 245 | _aCorrespondence bias in the attribution of political attitudes (A replication of Jones and Harris's (1967) experiment on correspondence bias) / | ||
| 245 | _cMa. Jenina N. Nalipay.-- | ||
| 260 | _bPsychological Association of the Philippines | ||
| 260 | _c2017 | ||
| 300 | _apages 140-158, December 2017 | ||
| 440 |
_aPhilippine Journal of Psychology _v50(2) |
||
| 650 | _aCorrespondence Bias | ||
| 650 | _aExperiment | ||
| 650 | _aPolitical Attitudes | ||
| 650 | _aReplication | ||
| 999 |
_c361467 _d361467 |
||